Music Quiz

Random Music or Album Quiz

Gabrielle Aplin Full Discography Quiz Stats

 Plays Quiz not verified by Sporcle

Support Sporcle.
Go Orange.
Score 0/83 Timer 10:00
0 Plays Today
Album Song % Correct
English Rain (2013)Panic Cord
95%
English Rain (2013)Home
95%
English Rain (2013)The Power of Love
95%
Light Up The Dark (2015)Light up the Dark
95%
Dear Happy (2020)My Mistake
95%
Dear Happy (2020)Miss You
95%
Never Fade EP (2011)Never Fade
95%
Never Fade EP (2011)Panic Cord
95%
Home EP (2012)Home
95%
English Rain EP (2014)Panic Cord
95%
English Rain EP (2014)Home
95%
English Rain EP (2014)The Power of Love
95%
Miss You EP (2016)Miss You
95%
English Rain (2013)Please Don't Say You Love Me
90%
English Rain (2013)How Do You Feel Today?
90%
English Rain (2013)Salvation
90%
English Rain (2013)November
90%
Light Up The Dark (2015)Skeleton
90%
Light Up The Dark (2015)A While
90%
English Rain EP (2014)Please Don't Say You Love Me
90%
English Rain EP (2014)Salvation
90%
English Rain (2013)Ready to Question
85%
English Rain (2013)Alive
85%
Light Up The Dark (2015)Heavy Heart
85%
Light Up The Dark (2015)Anybody Out There
85%
Light Up The Dark (2015)What Did You Do?
85%
Dear Happy (2020)Kintsugi
85%
Dear Happy (2020)Dear Happy
85%
Album Song % Correct
Miss You EP (2016)Night Bus
85%
Avalon EP (2017)Waking Up Slow
85%
Avalon EP (2017)Say Nothing
85%
Avalon EP (2017)Stay
85%
English Rain (2013)Start of Time
80%
Light Up The Dark (2015)Fool's Love
80%
Light Up The Dark (2015)Sweet Nothing
80%
Light Up The Dark (2015)Shallow Love
80%
Light Up The Dark (2015)This Side of the Moon
80%
Light Up The Dark (2015)Coming Home
80%
Light Up The Dark (2015)The House We Never Built
80%
Dear Happy (2020)Until the Sun Comes Up
80%
Dear Happy (2020)Like You Say You Do
80%
Dear Happy (2020)Losing Me
80%
Dear Happy (2020)Magic
80%
Acoustic EP (2010)Mountains
80%
Miss You EP (2016)Run for Cover
80%
December EP (2018)December
80%
English Rain (2013)Keep On Walking
75%
English Rain (2013)Human
75%
English Rain (2013)Take Me Away
75%
English Rain (2013)Evaporate
75%
English Rain (2013)Wake up with Me
75%
Light Up The Dark (2015)Hurt
75%
Light Up The Dark (2015)Together
75%
Light Up The Dark (2015)Letting You Go
75%
Light Up The Dark (2015)You Don't Like Dancing
75%
Dear Happy (2020)Invisible
75%
Album Song % Correct
Dear Happy (2020)One of Those Days
75%
Dear Happy (2020)Strange
75%
Dear Happy (2020)So Far so Good
75%
Dear Happy (2020)Nothing Really Matters
75%
Acoustic EP (2010)Ghosts
75%
Acoustic EP (2010)More Than Friends
75%
Never Fade EP (2011)Puzzle Piece
75%
Home EP (2012)Romeo Must Die
75%
Home EP (2012)Let Me In
75%
Avalon EP (2017)Used to Do
75%
Light Up The Dark (2015)Don't Break Your Heart On Me
70%
Dear Happy (2020)Love Back
70%
Acoustic EP (2010)Liar and the Lighter
70%
Never Fade EP (2011)Lying to the Mirror
70%
Home EP (2012)Keep Pushing Me
70%
Home EP (2012)Out On My Own
70%
Light Up The Dark (2015)Slip Away
65%
Acoustic EP (2010)Reverse
55%
English Rain EP (2014)A Case of You
40%
December EP (2018)Blue Christmas
30%
Other SinglesMiss You 2
30%
December EP (2018)River
20%
December EP (2018)Have Yourself a Merry Little Christmas
15%
Other SinglesAwake
5%
December EP (2018)All I Want for Christmas Is You
5%
Other SinglesStranger Side
0%
December EP (2018)In the Bleak Midwinter
0%

You're not logged in!

Compare scores with friends on all Sporcle quizzes.
OR
Log In

From the Vault

Cryptogram Map: Shakespeare Characters

by caramba

To decrpyt, or not to decrypt? That is the question.
Remove Ads.
Support Sporcle.
Get the best of Sporcle when you Go Orange. This ad-free experience offers more features, more stats, and more fun while also helping to support Sporcle. Thank you for becoming a member.

Show Comments

Extras

Top Quizzes Today


Score Distribution

Your Account Isn't Verified!

In order to create a playlist on Sporcle, you need to verify the email address you used during registration. Go to your Sporcle Settings to finish the process.

Report this User

Report this user for behavior that violates our Community Guidelines.

Details: